La vie amoureuse de Berlioz
Uloženo v:
| Hlavní autor: | |
|---|---|
| Médium: | Kniha |
| Jazyk: | francouzština |
| Vydáno: |
París
Ernest Flammarion
1929
|
| Edice: | Collection Leurs Amours
|
| Témata: | |
| Tagy: |
Přidat tag
Žádné tagy, Buďte první, kdo vytvoří štítek k tomuto záznamu!
|
MARC
| LEADER | 00000nam a2200000 a 4500 | ||
|---|---|---|---|
| 001 | UCW2458 | ||
| 003 | CL-VaPUC | ||
| 008 | 900924e19290000FR |||||||||||||||||fre|d | ||
| 082 | 0 | 4 | |a 780.92 |b REY |2 21 |
| 100 | 0 | |a Rey, Etienne |e author |9 306617 | |
| 245 | 1 | 3 | |a La vie amoureuse de Berlioz |
| 300 | |a 207 p | ||
| 942 | |c BK | ||
| 945 | |d 19900924 00:00:00 | ||
| 260 | |a París |b Ernest Flammarion |c 1929 | ||
| 600 | 0 | |a Berlioz, Hector Louis |9 306282 | |
| 583 | |a last modification |c 19900924 00:00:00 |k Rodrigo Vera | ||
| 490 | 0 | |a Collection Leurs Amours | |
| 999 | |c 217008 |d 217006 | ||
| 952 | |0 0 |1 0 |4 0 |6 780_920000000000000_REY_1929 |7 0 |8 A |9 203490 |a BIBEDU |b BIBEDU |d 2019-11-15 |i 2707128 |o 780.92 REY 1929 |p 2707128 |r 2023-01-12 |w 2019-11-15 |y BK |k MUS | ||